Taylor Swift - Paroles Babe - Statistiques

Statistiques générales
  • Ce quiz a été pris 43 fois
  • Le résultat moyen est 292 sur 376
Statistiques - réponses
Hint Réponse % Correct
I
100%
a
96%
you
96%
You
96%
you,
96%
babe?
92%
babe
92%
(Babe)
92%
love
92%
the
88%
Couplet 1 | Couplet 2 | Intro What
88%
Refrain (What
88%
what
88%
your
88%
Your
88%
about
83%
do
83%
hear
83%
it
83%
of
83%
on
83%
promise
83%
that
83%
That
83%
We
83%
we
83%
and
79%
And
79%
be
79%
call,
79%
call
79%
can't
79%
down
79%
ever
79%
Her
79%
How
79%
how
79%
is
79%
last
79%
No
79%
"No
79%
No)
79%
one
79%
one,
79%
promises,
79%
promises?
79%
promises?)
79%
said,
79%
this,
79%
this
79%
This
79%
(This
79%
time
79%
time,
79%
time)
79%
because
75%
could
75%
Didn't
75%
didn't
75%
I'll
75%
Outro | Pré-refrain I'm
75%
Refrain (Oh,
75%
(Oh
75%
oh),
75%
oh)
75%
shame
75%
shame,
75%
to
75%
won't
75%
but
71%
else"
71%
got
71%
hate
71%
it's
71%
its
71%
so
71%
that's
71%
unsee
71%
break
67%
every
67%
have
67%
never
67%
really
67%
you're
67%
away,
63%
away
63%
keep
63%
lips
63%
Bridge Since
63%
wanna
63%
want
63%
waste
63%
yeah
63%
admitted
58%
doesn't
58%
floor
58%
here
58%
kitchen
58%
neck
58%
picturin'
58%
should
58%
Big
54%
face
54%
innocent
54%
look
54%
made
54%
made,
54%
mistake,
54%
ball
50%
broke
50%
has
50%
plans
50%
strange
50%
through
50%
We're
50%
wreck,
50%
blew
46%
pictures
46%
wrecking
46%
consequence
42%
secret
42%
sweetest
42%
ain't
38%
getting
38%
Takin'
33%
Aucun quiz correspondant
Distribution des résultats
% des personnes avec chaque résultat
Percentile par nombre de réponses
Votre historique - résultats
Vous n’avez pas pris ce quiz